00605 a2200181 4500003000400000005001700004008004100021020001500062040000900077082001800086100003400104245005000138260003900188300000900227942004200236952012800278999001700406OSt20231222132931.0231222b |||||||| |||| 00| 0 eng d a8170553857 coclc a891.43bSHR/U aShrivastava, Parmanand910194 aUPANYAS KA PUNARJANM /cParmanand Shrivastava aNew Delhi:bVani Prakashan,c2015. a191p 2ddccBKh891.43iSHR/Uk891.43mSHR/U 00102ddc40708LITaMESbMEScHINd2023-12-22l0o891.43 SHR/Up43164r2023-12-22 13:30:23v395.00w2023-12-22yBKzGR6R4 c43530d43530